Visual activism and social justice: using visual methods to make young people's complex lives visible across public and private spaces /
Αποθηκεύτηκε σε:
| Κύριος συγγραφέας: | |
|---|---|
| Άλλοι συγγραφείς: | |
| Μορφή: | Βιβλίο |
| Γλώσσα: | English |
| Ετικέτες: |
Προσθήκη ετικέτας
Δεν υπάρχουν, Καταχωρήστε ετικέτα πρώτοι!
|
MARC
| LEADER | 00000nam a22000007a 4500 | ||
|---|---|---|---|
| 003 | cru CIDCACS/IIS | ||
| 005 | 20200925161136.0 | ||
| 007 | ta | ||
| 008 | 161110t2016 xxu||||| |||| 00| 0 eng d | ||
| 040 | |c CRAI/IIS |a CRAI/IIS | ||
| 100 | 1 | |9 433 |a Wilson, Sarah | |
| 245 | 1 | |a Visual activism and social justice: |b using visual methods to make young people's complex lives visible across public and private spaces / |c Sarah Wilson, EJ Milne | |
| 300 | |a páginas 140-156 | ||
| 700 | 1 | |9 434 |a Milne, Ej | |
| 773 | 0 | |0 18701 |9 130 |d Los Angeles: SAGE Publications |o R19012 |t Current Sociology / |x 00113921 | |
| 942 | |2 ddc |c PP | ||
| 999 | |c 18716 |d 18716 | ||
